| 000 | 00336nam a22001457a 4500 | ||
|---|---|---|---|
| 003 | SGT | ||
| 020 | _a8120817621 | ||
| 082 |
_a070 _bT82M |
||
| 100 | _aMITCHINER, JOHN | ||
| 245 | _aTRADITIONS OF THE SEVEN RSIS | ||
| 260 |
_bMOTILAL BANARSIDASS PUBLISHERS PUBLISHERS _c1982 |
||
| 300 | _a349 | ||
| 650 | _aJOURNALISM | ||
| 942 |
_2ddc _cBK |
||
| 999 |
_c28766 _d28766 |
||